000 00614nam a2200169 a 4500
001 000029623
005 20200930055702.0
008 110419s1983 000 spa d
040 _aDO-SdBNP
_bspa
_cBNPHU
082 _axxxx
_bR426
110 1 _aRepública Dominicana .
_bSecretariado Técnico de la Presidencia
_bOficina Nacional de Estadística
_910866
245 1 0 _aRepública Dominicana en cifras 1983.
260 _aSanto Domingo :
_bSecretariado Técnico de la Presidencia, Oficina Nacional de Estadística,
_c1983.
300 _av. ;
_c19 cm.
500 _aLa biblioteca posee el volumen 10
049 _aBNPD
999 _c29115
_d29115